[Event "Chigorin Memorial 27th"]
[Site "St Petersburg"]
[Date "2019.10.05"]
[Round "1"]
[White "Vershinin, Igor"]
[Black "Ismagilov, Damir"]
[Result "0-1"]
[WhiteElo "1610"]
[BlackElo "2156"]
[PlyCount "62"]
[EventDate "2019.10.05"]
[EventType "swiss"]
[EventRounds "9"]
[EventCountry "RUS"]
[SourceTitle "EXT 2020"]
[Source "ChessBase"]
[SourceDate "2019.10.17"]
[SourceVersion "1"]
[SourceVersionDate "2019.10.17"]
[SourceQuality "1"]

1. e4 c5 2. Nf3 e6 3. d4 cxd4 4. Nxd4 Nf6 5. f3 d5 6. Bb5+ Bd7 7. Bxd7+ Nbxd7 8. exd5 Nxd5 9. 0-0 Bc5 10. Kh1 Qh4 11. Nb3 Be3 12. Na3 N7f6 13. c4 Bxc1 14. Qxc1 Ne7 15. Qe1 Qxe1 16. Rfxe1 0-0 17. Nc2 Rfc8 18. Ne3 a5 19. Nd4 Rc5 20. Nb5 Nd7 21. b3 f5 22. Rad1 Nf6 23. Nd4 Ra6 24. Nb5 g5 25. Rd8+ Kg7 26. Rb8 Rb6 27. Nc2 Rbxb5 28. cxb5 Rxc2 29. Rxb7 Nfd5 30. h4 Kf7 31. hxg5 Rxa2 0-1